Equipe nouvelle 2. (Record no. 109728)
[ view plain ]
| 000 -LEADER | |
|---|---|
| fixed length control field | 00358nam a2200145 a 4500 |
| 005 - DATE AND TIME OF LATEST TRANSACTION | |
| control field | 20140414093848.0 |
| 008 - FIXED-LENGTH DATA ELEMENTS--GENERAL INFORMATION | |
| fixed length control field | 110308s19uu xx 00 eng d |
| 020 ## - INTERNATIONAL STANDARD BOOK NUMBER | |
| International Standard Book Number | 9780199124534 |
| 050 ## - LIBRARY OF CONGRESS CALL NUMBER | |
| Classification number | CD 448 |
| Item number | EQU 2005 |
| 245 ## - TITLE STATEMENT | |
| Title | Equipe nouvelle 2. |
| 260 ## - PUBLICATION, DISTRIBUTION, ETC. (IMPRINT) | |
| Place of publication, distribution, etc | USA : |
| Name of publisher, distributor, etc | Oxford University Press, |
| Date of publication, distribution, etc | 2004. |
| 650 ## - SUBJECT ADDED ENTRY--TOPICAL TERM | |
| Topical term or geographic name as entry element | French |
| 942 ## - ADDED ENTRY ELEMENTS (KOHA) | |
| Koha item type | Audio Visual Materials |
| Withdrawn status | Lost status | Damaged status | Home library | Current library | Shelving location | Date acquired | Source of acquisition | Cost, normal purchase price | Total Checkouts | Full call number | Barcode | Date last seen | Price effective from | Koha item type |
|---|---|---|---|---|---|---|---|---|---|---|---|---|---|---|
| Luxembourg Library | Luxembourg Library | Audio Visual Material Section | 03/08/2011 | 11887.00 | CD 448 EQU 2005 | AV1397 | 04/14/2014 | 04/14/2014 | Audio Visual Materials |